000 00447nam a2200169Ia 4500
005 20250508153427.0
008 008 250505s9999 xx 000 0 eng d
037 _aTextual
040 _aFEDL
_beng
_cFEDL
041 _aeng
_2eng
084 _a372.21, UNI
_qFEDL
100 _aGabbard Hazel F
_9758513
245 0 _aPreparing your child for school
300 _a23p.
942 _cTEXL
_h372.21, UNI
999 _c1342796
_d1342796